|
|
|
|
| LEADER |
01423cas a2200325 4500 |
| 001 |
0020902 |
| 003 |
BD-DhAAL |
| 008 |
100927s1964 bg w 000 0 eng d |
| 040 |
|
|
|a BD-DhAAL
|c BD-DhAAL
|
| 082 |
0 |
0 |
|a 348.5492046
|
| 130 |
0 |
|
|a DLR
|
| 222 |
|
0 |
|a The Dacca Law Reports
|
| 245 |
0 |
4 |
|a The Dacca Law Reports :
|b fortnightly law journal.
|n Volume XVI /
|c Obaidul Haque Chowdhury, editor.
|
| 246 |
1 |
7 |
|a The Dhaka Law Reports.
|
| 260 |
|
|
|a Dacca [Bangladesh] :
|b Dacca Law Reports,
|c 1964.
|
| 300 |
|
|
|a unnumbered pages
|
| 362 |
0 |
|
|a Vol. 16 (1964)
|
| 500 |
|
|
|a Table of Cases of the High Courts of West Pakistan.
|
| 500 |
|
|
|a "A journal of law reports."
|
| 500 |
|
|
|a Latest issue consulted: Vol.XVI,January to December,1964
|
| 526 |
|
|
|a SOL
|x Saira Rahman Khan,
Associate Professor
School of Law
BRAC University
|
| 541 |
|
|
|e 0020902
|a Anupam Gyan Bhandar
|
| 590 |
|
|
|a Published yearly.
|
| 650 |
|
0 |
|a Law reports, digests, etc.
|z Bangladesh.
|
| 650 |
|
0 |
|a Law reports, digests, etc.
|z India
|z Bengal.
|
| 710 |
1 |
|
|a Chowdhury ,Obaidul Haque.
|9 1116
|
| 852 |
4 |
|
|a Ayesha Abed Library
|
| 942 |
0 |
0 |
|0 4
|2 ddc
|c 1HOUR
|
| 999 |
|
|
|c 9806
|d 9806
|
| 952 |
|
|
|0 0
|1 0
|2 ddc
|4 0
|6 348_549204600000000_DAC_1964
|7 0
|9 12534
|a BRACUL
|b BRACUL
|c REF
|d 2010-10-18
|e Anupam Gyan Bhandar
|l 7
|o 348.5492046 DAC
|p 3010020902
|r 2019-03-11
|s 2019-03-11
|t 1
|w 2010-10-18
|y 1HOUR
|x Requisitioned by Saira Rahman Khan, Associate Professor, School of Law, BRAC University.
|